Las Estirpes de Montánchez

Gespeichert in:
Bibliographische Detailangaben
1. Verfasser: Durán Ayanegui, Fernando
Format: Buch
Sprache:Undetermined
Veröffentlicht: San José, Costa Rica Alma Mater 1992
Schlagworte:
Tags: Tag hinzufügen
Keine Tags, Fügen Sie den ersten Tag hinzu!

MARC

LEADER 00000nam a2200000Ia 4500
008 170316s9999 xx 000 0 und d
040 |a cru BVZT 
090 |a 868 D-16e 
100 |a Durán Ayanegui, Fernando  |9 1468 
245 |a Las Estirpes de Montánchez  |c / Fernando Durán Ayanegui 
260 |a San José, Costa Rica  |b Alma Mater  |c 1992 
300 |a 115 páginas 
650 |a LITERATURA COSTARRICENSE  |9 17 
650 |a NOVELA  |9 13 
999 |c 10935  |d 10935 
942 |c 15 D  |h 868 D-16e  |2 z